000
00274nam a22000977a 4500
008
240921b |||||||| |||| 00| 0 eng d
020
_a
9789386298287
100
_a
BHATIA.H.S
_9
7804
245
_a
English Grammar & Composition
260
_a
New Delhi
_b
Ramesh Publishing House
_c
2020
999
_c
12684
_d
12684